Estudio de prefactibilidad para la construcción de sistema de biodigestión para comedor Domingo Savio de la asociación Padre Fabretto

Presenta un análisis de prefactibilidad de construir un sistema de biodigestión en el comedor Domingo Socio de la Asociación Fabretto. La finalidad del proyecto es la obtención de gas metano a partir de materia orgánica (Biogas). Se presenta un análisis del consumo de gas butano y el costo de...

Full description

Bibliographic Details
Main Authors: Palacios Roque, Katty Isabel, Vázquez Huerta, Jennyfer María, Martínez Gutiérrez, Juan Bautista
Other Authors: Tutor: Gutiérrez Martínez, Marbel Evaristo
Format: Tesis Section = Libro
Language:Undetermined
Spanish
Published: Managua UNI 2010
Subjects:
LEADER 01443nam a2200277Ia 4500
008 240830s9999 xx 000 0 und d
040 |a BIBLIOTECA-RUPAP Mon 665.776 P153 
041 |a spa 
082 |a Mon 665.776 P153 
100 1 |a Palacios Roque, Katty Isabel 
100 1 |b Vázquez Huerta, Jennyfer María 
100 1 |c Martínez Gutiérrez, Juan Bautista 
245 1 0 |a Estudio de prefactibilidad para la construcción de sistema de biodigestión para comedor Domingo Savio de la asociación Padre Fabretto 
260 |a Managua  |b UNI  |c 2010 
300 |a 87 p. :il. 
500 |a Contiene: anexos e Incluye: CD. 
502 |a Tesis (Ingeniero Industrial)- UNI, 2010. 
520 3 |a Presenta un análisis de prefactibilidad de construir un sistema de biodigestión en el comedor Domingo Socio de la Asociación Fabretto. La finalidad del proyecto es la obtención de gas metano a partir de materia orgánica (Biogas). Se presenta un análisis del consumo de gas butano y el costo de compra de este producto, igualmente se determina la disponibilidad de materia prima la cual fue la base para calcular el nivel de producción de biogas anual a partir de la misma. 
650 7 |a BIOGAS 
650 7 |b BIODIGESTORES 
650 7 |c PRODUCTOS DE RESIDUOS COMO COMBUSTIBLES 
650 7 |d APROVECHAMIENTO DE RESIDUOS 
700 1 |a Tutor:  |b Gutiérrez Martínez, Marbel Evaristo 
942 |c BK  |2 ddc 
991 |a TESIS 
999 |c 17757